000 01056cam a22002775a 4500
001 L148682
008 091019s2009 xxk 000 0 eng u
020 _a9781444316131
035 _a(Sirsi) u148682
041 0 _aeng
050 0 4 _a658.2 $2 18
100 1 _aAtkin, Brian L.
245 0 0 _aTotal facilities management
_h[electronic resource]
250 _a3rd ed.
260 _aOxford
_bBlackwell Publishing
_c2009
300 _aeBook
350 _a51.20
520 _aThis eBook offers an insight into how facilities management applies to organisations of all kinds. Focuses in particular on customer satisfaction and value for money. Contains new sections on: human resources management; change management; workplace productivity; and public-private partnerships.
520 _aSupersedes 2nd ed.
590 _aKA
650 2 4 _aEBOOK
651 4 _aUnited Kingdom
_y
690 _aMANAGEMENT-FACILITIES MANAGEMENT
856 4 8 _uhttps://www.vlebooks.com/
_zView on VLEbooks. Logins for members only from [email protected]
942 _n0
999 _c110161
_d110161